[Event "DEM U18w 2014"]
[Site "Magdeburg GER"]
[Date "2014.06.10"]
[Round "5"]
[White "Diederichs, Luise"]
[Black "Schmalhorst, Sophia"]
[Result "0-1"]
[Termination "normal"]
[Board "2"]
[WhiteElo "1970"]
[BlackElo "1917"]
[WhiteClock "00:32:21"]
[BlackClock "00:28:10"]
[PlyCount "90"]
[WhiteFideId "24661597"]
[BlackFideId "24682497"]
[EventCountry "GER"]
[EventRounds "9"]
[EventType "swiss"]
[EventDate "2014.06.07"]

1. e4 e5 2. Nf3 Nc6 3. Bb5 a6 4. Ba4 Nf6 5. O-O b5 6. Bb3 Be7 7. Re1 O-O 8. d4
d6 9. c3 Bb7 10. Nbd2 Re8 11. Ng5 Rf8 12. Nf1 h6 13. Nf3 Re8 14. Ng3 Bf8 15.
Bc2 g6 16. Bd2 Bg7 17. Qc1 Kh7 18. h3 Na5 19. b3 Nc6 20. Rb1 Nb8 21. h4 Nbd7
22. Bd3 Rc8 23. a4 c6 24. Qa3 Qb6 25. Be3 exd4 26. Nxd4 c5 27. axb5 Ne5 28. Be2
cxd4 29. Bxd4 Qc7 30. bxa6 Bxe4 31. Nxe4 Nxe4 32. Bb5 Nc6 33. a7 Bxd4 34. Rxe4
Rxe4 35. a8=Q Rxa8 36. Qxa8 Bxf2+ 37. Kf1 Bxh4 38. Qxc6 Rf4+ 39. Ke2 Qe7+ 40.
Kd3 Qe5 41. Rd1 d5 42. Qe8 Qf5+ 43. Kd2 Rf2+ 44. Be2 Bg5+ 45. Ke1 Rxg2 0-1

[Event "DEM U18w 2014"]
[Site "Magdeburg GER"]
[Date "2014.06.10"]
[Round "5"]
[White "Herbrig, Marie-Helen"]
[Black "Siegl, Melina"]
[Result "0-1"]
[Termination "normal"]
[Board "3"]
[WhiteElo "1659"]
[BlackElo "1790"]
[WhiteClock "00:29:03"]
[BlackClock "00:32:56"]
[PlyCount "94"]
[WhiteFideId "12900427"]
[BlackFideId "1272126"]
[EventCountry "GER"]
[EventRounds "9"]
[EventType "swiss"]
[EventDate "2014.06.07"]

1. e4 e6 2. d4 d5 3. e5 c5 4. c3 Nc6 5. Nf3 Bd7 6. Bd3 cxd4 7. cxd4 Qb6 8. Bc2
Bb4+ 9. Nc3 Nge7 10. O-O Ng6 11. h4 Be7 12. g3 Nf8 13. a3 f6 14. b4 Rc8 15. Na4
Qc7 16. exf6 gxf6 17. Bb3 Bd6 18. Nh2 Ng6 19. h5 Nge7 20. Ng4 Rf8 21. Bh6 Rf7
22. Bc2 Ng8 23. Be3 Bxg3 24. Nc5 Bf4 25. Qf3 Bxe3 26. fxe3 b6 27. Na6 Qd6 28.
Bd3 f5 29. h6 Nf6 30. Nf2 Rf8 31. Nh3 Rg8+ 32. Kf2 Qh2+ 33. Ke1 Rg3 34. Rh1 Qb2
35. Qd1 Rxe3+ 36. Kf1 Rxd3 37. Qxd3 Qxa1+ 38. Kg2 Qxd4 39. Qf1 Ng4 40. Qc1 Qe4+
41. Kg1 Nd4 42. Nc7+ Rxc7 43. Qxc7 Ne2+ 44. Kf1 Qxh1+ 45. Kxe2 Qxh3 46. Qb8+
Ke7 47. Kd2 Qxh6+ 0-1

[Event "DEM U18w 2014"]
[Site "Magdeburg GER"]
[Date "2014.06.10"]
[Round "5"]
[White "Winterholler, Christina"]
[Black "Spiegelberg, Silvia"]
[Result "1-0"]
[Termination "normal"]
[Board "4"]
[WhiteElo "1958"]
[BlackElo "1925"]
[WhiteClock "00:10:05"]
[BlackClock "00:07:46"]
[PlyCount "159"]
[WhiteFideId "24652105"]
[BlackFideId "24654450"]
[EventCountry "GER"]
[EventRounds "9"]
[EventType "swiss"]
[EventDate "2014.06.07"]

1. e4 e5 2. Bc4 Nc6 3. Nc3 Nf6 4. d3 Na5 5. Bb3 Nxb3 6. axb3 Bb4 7. Bg5 d5 8.
Bxf6 gxf6 9. exd5 Qxd5 10. Qf3 Qd6 11. Nge2 Rg8 12. O-O-O Qa6 13. Kb1 Bxc3 14.
bxc3 Bg4 15. Qe4 Bxe2 16. Qxe2 Qc6 17. d4 O-O-O 18. dxe5 Qxc3 19. exf6 Qxf6 20.
g3 Rde8 21. Qc4 Re6 22. Rhe1 Rge8 23. Rxe6 Qxe6 24. Qxe6+ Rxe6 25. Rd5 Rf6 26.
f4 c6 27. Rd2 Kc7 28. Kb2 a5 29. c4 Re6 30. c5 Rh6 31. Kc3 Rh5 32. Kc4 b5+ 33.
cxb6+ Kxb6 34. Rd7 Rc5+ 35. Kd4 Rd5+ 36. Rxd5 cxd5 37. Kxd5 Kb5 38. Ke5 Kb4 39.
Kf6 Kxb3 40. Kxf7 a4 41. f5 a3 42. f6 a2 43. Kg8 a1=Q 44. f7 Qg1 45. f8=Q Qxh2
46. g4 h6 47. Kh7 Qh4 48. Qf5 Kc4 49. Qh5 Qe7+ 50. Kxh6 Qf6+ 51. Qg6 Qh8+ 52.
Kg5 Qe5+ 53. Qf5 Qg7+ 54. Kh4 Qh6+ 55. Kg3 Qe3+ 56. Qf3 Qg1+ 57. Kf4 Qh2+ 58.
Qg3 Qd2+ 59. Qe3 Qh2+ 60. Kf5 Qh7+ 61. Kf6 Qh8+ 62. Kg6 Qg8+ 63. Kh5 Qh8+ 64.
Qh6 Qe8+ 65. Qg6 Qh8+ 66. Kg5 Qe5+ 67. Qf5 Qe7+ 68. Kf4 Qd6+ 69. Qe5 Qf8+ 70.
Kg3 Qa3+ 71. Kh4 Qf3 72. g5 Qh1+ 73. Kg4 Qg1+ 74. Kf5 Kd3 75. g6 Qf2+ 76. Ke6
Qh4 77. g7 Qh6+ 78. Kf7 Qh7 79. Qg3+ Kd4 80. Qg6 1-0

[Event "DEM U18w 2014"]
[Site "Magdeburg GER"]
[Date "2014.06.10"]
[Round "5"]
[White "Kuckling, Hannah"]
[Black "Polert, Annika"]
[Result "1/2-1/2"]
[Termination "normal"]
[Board "5"]
[WhiteElo "1972"]
[BlackElo "1838"]
[WhiteClock "00:05:29"]
[BlackClock "00:04:29"]
[PlyCount "127"]
[WhiteFideId "24603660"]
[BlackFideId "24692328"]
[EventCountry "GER"]
[EventRounds "9"]
[EventType "swiss"]
[EventDate "2014.06.07"]

1. e4 c5 2. Nf3 Nc6 3. d4 cxd4 4. Nxd4 e5 5. Nb5 a6 6. Nd6+ Bxd6 7. Qxd6 Qf6 8.
Qd2 Nge7 9. c4 d6 10. Nc3 O-O 11. Bd3 Rd8 12. O-O Nd4 13. b3 Ne6 14. Ne2 Ng6
15. Bb2 Ngf4 16. Nxf4 Nxf4 17. f3 h5 18. Rad1 Bd7 19. Bc2 Qg6 20. Kh1 h4 21.
Rg1 Be6 22. Bd3 Nh5 23. Rge1 Nf4 24. Bf1 Qh5 25. Qf2 Rac8 26. Ba3 Rc6 27. Rd2
Qg5 28. Red1 Qe7 29. g3 hxg3 30. hxg3 Nh5 31. c5 Qg5 32. g4 Bxg4 33. fxg4 Qxg4
34. Qg2 Qh4+ 35. Qh2 Qg4 36. Bh3 Qxe4+ 37. Bg2 Qg4 38. Bxc6 Ng3+ 39. Kg1 bxc6
40. Rxd6 Qxd1+ 41. Rxd1 Rxd1+ 42. Kg2 Rd2+ 43. Kxg3 Rxh2 44. Kxh2 f6 45. Kg3
Kf7 46. Bc1 Ke6 47. Be3 g6 48. Kf3 Kd5 49. a3 f5 50. a4 Ke6 51. Bd2 Kf6 52. b4
Ke6 53. Ke3 Kd5 54. Kd3 f4 55. Be1 g5 56. b5 e4+ 57. Kc3 cxb5 58. axb5 axb5 59.
c6 b4+ 60. Kxb4 Kxc6 61. Kc4 e3 62. Kd4 g4 63. Ke4 g3 64. Bxg3 1/2-1/2

[Event "DEM U18w 2014"]
[Site "Magdeburg GER"]
[Date "2014.06.10"]
[Round "5"]
[White "Lagunow, Elina"]
[Black "Döpper, Anna Bérénice"]
[Result "1-0"]
[Termination "normal"]
[Board "6"]
[WhiteElo "1795"]
[BlackElo "1576"]
[WhiteClock "00:11:29"]
[BlackClock "00:07:05"]
[PlyCount "65"]
[WhiteFideId "4673387"]
[BlackFideId "1271853"]
[EventCountry "GER"]
[EventRounds "9"]
[EventType "swiss"]
[EventDate "2014.06.07"]

1. Nf3 Nf6 2. g3 c5 3. Bg2 g6 4. O-O Bg7 5. d3 O-O 6. e4 d6 7. c3 e6 8. Nbd2
Nc6 9. Qe2 Qb6 10. Nc4 Qc7 11. Bf4 e5 12. Bg5 Ne8 13. Ne3 f6 14. Nd5 Qd8 15.
Be3 Nc7 16. d4 cxd4 17. cxd4 Nxd5 18. exd5 Ne7 19. dxe5 fxe5 20. Rfd1 Qa5 21.
Nd2 Nf5 22. Nc4 Qd8 23. Rac1 Bd7 24. Qd2 Nxe3 25. Qxe3 Bf5 26. Qb3 Qe7 27. Qb4
Rfd8 28. Na5 Rab8 29. Rc4 Bh6 30. g4 Bc8 31. Re1 Qf7 32. f4 Bxf4 33. Nc6 1-0

[Event "DEM U18w 2014"]
[Site "Magdeburg GER"]
[Date "2014.06.10"]
[Round "5"]
[White "Paliy, Margaryta"]
[Black "Tobianski, Karina"]
[Result "1/2-1/2"]
[Termination "normal"]
[Board "8"]
[WhiteElo "1620"]
[BlackElo "1450"]
[PlyCount "96"]
[WhiteFideId "24692417"]
[BlackFideId "12937746"]
[EventCountry "GER"]
[EventRounds "9"]
[EventType "swiss"]
[EventDate "2014.06.07"]

1. e4 d5 2. exd5 Nf6 3. d4 Nxd5 4. Nf3 Bg4 5. Be2 e6 6. c4 Nb6 7. O-O Be7 8.
Nc3 Nc6 9. Be3 O-O 10. h3 Bf5 11. Qd2 Bf6 12. Rfd1 Qe7 13. Bd3 Bxd3 14. Qxd3 h6
15. Rac1 Rad8 16. Qe2 Rd7 17. Ne4 Rb8 18. b3 Rdd8 19. Rd2 a6 20. Rcd1 Nd7 21.
Bf4 Rbc8 22. d5 exd5 23. cxd5 Ncb8 24. Bxc7 Re8 25. Bxb8 Rxb8 26. Nxf6+ Qxf6
27. Qd3 Qd6 28. Re2 Nf6 29. Rxe8+ Rxe8 30. Nh4 Rd8 31. Nf5 Qd7 32. Ne3 Qd6 33.
Nc4 Qxd5 34. Qxd5 Rxd5 35. Rxd5 Nxd5 36. Nd6 b6 37. a4 Kf8 38. Kf1 Ke7 39. Nf5+
Kf6 40. g4 h5 41. f3 hxg4 42. hxg4 g6 43. Nd6 Ke6 44. Ne4 f5 45. gxf5+ gxf5 46.
Nd2 Ke5 47. Kf2 Kd4 48. Ke2 f4 1/2-1/2

[Event "DEM U18w 2014"]
[Site "Magdeburg GER"]
[Date "2014.06.10"]
[Round "5"]
[White "Wulf, Constanze"]
[Black "Gast, Antonia"]
[Result "1/2-1/2"]
[Termination "normal"]
[Board "9"]
[WhiteElo "1623"]
[BlackElo "1699"]
[PlyCount "73"]
[WhiteFideId "24692379"]
[BlackFideId "12929336"]
[EventCountry "GER"]
[EventRounds "9"]
[EventType "swiss"]
[EventDate "2014.06.07"]

1. Nf3 Nf6 2. b3 d6 3. Bb2 e5 4. e3 g6 5. c4 c6 6. Be2 Bg7 7. d3 O-O 8. O-O
Nbd7 9. Nc3 Re8 10. Qc2 Nb6 11. b4 Bf5 12. Rfd1 Nxc4 13. Nd2 Nxb2 14. Qxb2 Qe7
15. Rac1 Rac8 16. Qa3 a6 17. Qb3 Be6 18. Qb1 Red8 19. a4 d5 20. b5 d4 21. exd4
exd4 22. Nce4 Nxe4 23. Nxe4 f5 24. Nd2 axb5 25. axb5 Bh6 26. Bf3 cxb5 27. Rxc8
Rxc8 28. Qxb5 Bxd2 29. Rxd2 Rc1+ 30. Rd1 Rxd1+ 31. Bxd1 Bd7 32. Qc4+ Qe6 33.
Qb4 Qe5 34. Bf3 Bc6 35. Bxc6 bxc6 36. Qc4+ Kg7 37. g3 1/2-1/2

[Event "DEM U18w 2014"]
[Site "Magdeburg GER"]
[Date "2014.06.10"]
[Round "5"]
[White "Tettmann, Ann-Kathrin"]
[Black "Rahimi, Rozafa"]
[Result "1-0"]
[Termination "normal"]
[Board "10"]
[WhiteElo "1802"]
[BlackElo "1669"]
[PlyCount "91"]
[WhiteFideId "12945676"]
[BlackFideId "24692280"]
[EventCountry "GER"]
[EventRounds "9"]
[EventType "swiss"]
[EventDate "2014.06.07"]

1. g3 c6 2. Bg2 d5 3. d4 Nf6 4. Nf3 Bf5 5. c4 Bxb1 6. Rxb1 Qa5+ 7. Bd2 Qxa2 8.
Qc2 dxc4 9. Ne5 Nbd7 10. Nxc4 Qa6 11. O-O Nb6 12. Ne5 Nbd7 13. Nc4 Qb5 14. Ra1
Nb6 15. b3 Nxc4 16. bxc4 Qb6 17. c5 Qd8 18. Qb2 Qc7 19. Rfb1 g6 20. Qxb7 Qxb7
21. Rxb7 Nd5 22. Raxa7 Rxa7 23. Rxa7 e6 24. e4 Ne7 25. Bg5 Nc8 26. Rc7 Ne7 27.
Bxe7 Bxe7 28. Rc8+ Bd8 29. Rxc6 Kd7 30. d5 Be7 31. Rb6 Bxc5 32. Rb7+ Kd6 33.
Rxf7 exd5 34. exd5 g5 35. Kf1 h5 36. h3 h4 37. Rf6+ Kd7 38. Ke2 g4 39. hxg4 h3
40. Bh1 Rb8 41. g5 Rb1 42. Be4 h2 43. g6 Bb4 44. Rf7+ Kd6 45. Rh7 Rb2+ 46. Kf3
1-0

[Event "DEM U18w 2014"]
[Site "Magdeburg GER"]
[Date "2014.06.10"]
[Round "5"]
[White "Schlichter, Lisa"]
[Black "Krauße, Vanessa"]
[Result "1/2-1/2"]
[Termination "normal"]
[Board "11"]
[WhiteElo "1654"]
[BlackElo "1587"]
[PlyCount "89"]
[WhiteFideId "12926396"]
[BlackFideId "12937991"]
[EventCountry "GER"]
[EventRounds "9"]
[EventType "swiss"]
[EventDate "2014.06.07"]

1. Nf3 c5 2. g3 Nc6 3. Bg2 g6 4. d3 Bg7 5. O-O d6 6. e4 Nf6 7. c3 O-O 8. Re1
Rb8 9. d4 cxd4 10. cxd4 Bd7 11. Nc3 b5 12. Qc2 b4 13. Ne2 Qa5 14. Be3 Ng4 15.
Rad1 Nxe3 16. fxe3 Rfc8 17. Qd3 f5 18. exf5 Bxf5 19. e4 Bd7 20. Qb3+ Kh8 21.
Nf4 Bg4 22. Ne6 Bxe6 23. Qxe6 Qb6 24. Qd5 b3 25. axb3 Qxb3 26. Qxb3 Rxb3 27.
Re2 Rf8 28. Rf2 Nb4 29. Ra1 Bh6 30. Rff1 Rxb2 31. Rxa7 Be3+ 32. Kh1 Nd3 33. h3
Nf2+ 34. Kh2 Rxf3 35. h4 Ng4+ 36. Kh3 Rxf1 37. Bxf1 Nf2+ 38. Kg2 Nxe4+ 39. Kf3
Nd2+ 40. Kxe3 Nxf1+ 41. Kf3 Rb3+ 42. Kf4 Nxg3 43. Rxe7 Ne2+ 44. Rxe2 Rh3 45.
Kg4 1/2-1/2

[Event "DEM U18w 2014"]
[Site "Magdeburg GER"]
[Date "2014.06.10"]
[Round "5"]
[White "Triantafillidis, Zoe"]
[Black "Kreitmeier, Anika"]
[Result "1-0"]
[Termination "normal"]
[Board "12"]
[WhiteElo "1721"]
[BlackElo "1332"]
[PlyCount "85"]
[WhiteFideId "12900150"]
[BlackFideId "12991775"]
[EventCountry "GER"]
[EventRounds "9"]
[EventType "swiss"]
[EventDate "2014.06.07"]

1. e4 e5 2. Nf3 Nc6 3. d4 exd4 4. Nxd4 Nf6 5. Nc3 Bb4 6. Nxc6 bxc6 7. Bd3 d5 8.
Bd2 Be6 9. exd5 cxd5 10. Bb5+ Nd7 11. Nxd5 Rb8 12. Bxd7+ Qxd7 13. Nxb4 Qe7 14.
Nc6 Bg4+ 15. Nxe7 Bxd1 16. Rxd1 Kxe7 17. Bc3 f6 18. f3 Rhe8 19. Kf2 Kf8 20. Rd7
Rb7 21. b3 Kg8 22. Ba5 Rb5 23. Bxc7 Rb7 24. Rd8 Rxd8 25. Bxd8 Rb8 26. Rd1 Rc8
27. c4 Kf8 28. Ba5 a6 29. Rd8+ Rxd8 30. Bxd8 Ke8 31. Bb6 Kd7 32. Ke3 Kc6 33. c5
g6 34. Kd4 h6 35. b4 h5 36. a4 h4 37. b5+ axb5 38. axb5+ Kxb5 39. Kd5 f5 40.
Kd6 g5 41. c6 Kxb6 42. Kd7 g4 43. c7 1-0

[Event "DEM U18w 2014"]
[Site "Magdeburg GER"]
[Date "2014.06.11"]
[Round "6"]
[White "Schmalhorst, Sophia"]
[Black "Steimbach, Isabel"]
[Result "1/2-1/2"]
[Termination "normal"]
[Board "1"]
[WhiteElo "1917"]
[BlackElo "1775"]
[WhiteClock "00:21:02"]
[BlackClock "00:29:03"]
[PlyCount "84"]
[WhiteFideId "24682497"]
[BlackFideId "24692174"]
[EventCountry "GER"]
[EventRounds "9"]
[EventType "swiss"]
[EventDate "2014.06.07"]

1. e4 c5 2. Nf3 d6 3. Nc3 a6 4. g3 Nc6 5. Bg2 g6 6. d4 cxd4 7. Nxd4 Bg7 8. Be3
Bd7 9. O-O Nf6 10. h3 O-O 11. Re1 Qc7 12. Nd5 Nxd5 13. exd5 Ne5 14. Bg5 Rfe8
15. b3 h6 16. Be3 Bc8 17. Rc1 Nd7 18. c4 Qa5 19. Qc2 Nc5 20. Rcd1 Bxd4 21. Bxd4
Bf5 22. Qc1 g5 23. h4 Nd3 24. Rxd3 Bxd3 25. hxg5 hxg5 26. Qxg5+ Bg6 27. Re4 e5
28. Be3 Qd8 29. Qh6 Qf6 30. Rh4 Qg7 31. Qg5 Bb1 32. Qh5 Bg6 33. Qf3 f5 34. Bh3
Qf7 35. Bd2 Kf8 36. Qe3 Rab8 37. Qh6+ Qg7 38. Qg5 Bh7 39. Qh5 Bg6 40. Qg5 Bh7
41. Qh5 Bg6 42. Qg5 Bh7 1/2-1/2

[Event "DEM U18w 2014"]
[Site "Magdeburg GER"]
[Date "2014.06.11"]
[Round "6"]
[White "Sherif, Amina"]
[Black "Siegl, Melina"]
[Result "1-0"]
[Termination "normal"]
[Board "2"]
[WhiteTitle "CM"]
[WhiteElo "1754"]
[BlackElo "1790"]
[WhiteClock "00:30:28"]
[BlackClock "00:05:50"]
[PlyCount "91"]
[WhiteFideId "12911690"]
[BlackFideId "1272126"]
[EventCountry "GER"]
[EventRounds "9"]
[EventType "swiss"]
[EventDate "2014.06.07"]

1. e4 c5 2. Nc3 Nc6 3. f4 g6 4. Nf3 Bg7 5. Bb5 Nd4 6. O-O a6 7. Be2 d6 8. d3 e6
9. Be3 Ne7 10. Qd2 O-O 11. Nd1 f5 12. c3 Ndc6 13. Nf2 b6 14. d4 Qc7 15. Rad1
fxe4 16. Nxe4 Nf5 17. dxc5 dxc5 18. g3 Nce7 19. Bf2 Bb7 20. Neg5 Rad8 21. Qc2
Qc6 22. Bd3 Rxd3 23. Qxd3 h6 24. Qd7 hxg5 25. Qxc6 Bxc6 26. Nxg5 Bd5 27. Rfe1
Bxa2 28. Nxe6 Bxe6 29. Rxe6 Rf6 30. Rxf6 Bxf6 31. Rd8+ Kf7 32. g4 Nc6 33. Ra8
Nd6 34. Rxa6 Nc8 35. Bxc5 Nb8 36. Ra8 bxc5 37. Rxb8 Nd6 38. Kf2 Ke6 39. Rb6 Kd5
40. c4+ Ke6 41. Kf3 Kd7 42. b3 Be7 43. Rb8 Nf7 44. Ra8 Ke6 45. Ra6+ Nd6 46. Rc6
1-0

[Event "DEM U18w 2014"]
[Site "Magdeburg GER"]
[Date "2014.06.11"]
[Round "6"]
[White "Winterholler, Christina"]
[Black "Diederichs, Luise"]
[Result "0-1"]
[Termination "normal"]
[Board "3"]
[WhiteElo "1958"]
[BlackElo "1970"]
[WhiteClock "00:01:04"]
[BlackClock "00:39:45"]
[PlyCount "130"]
[WhiteFideId "24652105"]
[BlackFideId "24661597"]
[EventCountry "GER"]
[EventRounds "9"]
[EventType "swiss"]
[EventDate "2014.06.07"]

1. e4 c5 2. Nf3 d6 3. Bb5+ Bd7 4. Bxd7+ Qxd7 5. O-O Nc6 6. c3 Nf6 7. d4 Nxe4 8.
d5 Ne5 9. Re1 Nxf3+ 10. Qxf3 Nf6 11. Bg5 Qg4 12. Qxg4 Nxg4 13. Na3 Kd7 14. Rad1
h6 15. Bh4 g5 16. Bg3 Bg7 17. h3 Ne5 18. Nc2 Ng6 19. f3 Be5 20. Bf2 b5 21. Ne3
Rab8 22. Ng4 Bg7 23. Rd2 b4 24. c4 h5 25. Ne3 Bd4 26. Nf5 Bxf2+ 27. Kxf2 Rb6
28. Red1 Ne5 29. b3 Rg8 30. g3 Ng6 31. Nh6 Rg7 32. Nf5 Rh7 33. h4 gxh4 34. gxh4
Rb8 35. Re1 Re8 36. Re4 Ne5 37. Rd1 Rhh8 38. Rg1 Rhg8 39. Rg5 Rxg5 40. hxg5 e6
41. dxe6+ fxe6 42. Ng3 Rf8 43. f4 Nd3+ 44. Ke3 d5 45. cxd5 exd5 46. Kxd3 dxe4+
47. Kxe4 h4 48. Nh5 h3 49. g6 h2 50. Ng3 Ke6 51. Kf3 Kf6 52. f5 Rh8 53. Kg2 Kg7
54. Kh1 Rh4 55. Nf1 Kf6 56. Nxh2 Rf4 57. Kg2 Rxf5 58. Nf3 Rd5 59. Kf2 Kxg6 60.
Ke3 Kf5 61. Nh4+ Kg4 62. Ng6 Kg5 63. Nf8 Re5+ 64. Kd3 Re8 65. Kc4 Rxf8 0-1

[Event "DEM U18w 2014"]
[Site "Magdeburg GER"]
[Date "2014.06.11"]
[Round "6"]
[White "Lagunow, Elina"]
[Black "Herbrig, Marie-Helen"]
[Result "0-1"]
[Termination "normal"]
[Board "5"]
[WhiteElo "1795"]
[BlackElo "1659"]
[WhiteClock "00:26:00"]
[BlackClock "00:38:53"]
[PlyCount "86"]
[WhiteFideId "4673387"]
[BlackFideId "12900427"]
[EventCountry "GER"]
[EventRounds "9"]
[EventType "swiss"]
[EventDate "2014.06.07"]

1. Nf3 Nf6 2. g3 d5 3. Bg2 Bf5 4. d3 e6 5. O-O Be7 6. c4 h6 7. e3 c5 8. Nc3 Nc6
9. cxd5 Nxd5 10. e4 Nxc3 11. bxc3 Bh7 12. Qe2 O-O 13. Bf4 Qa5 14. Rac1 Rfd8 15.
Rfd1 Rd7 16. d4 cxd4 17. cxd4 Ba3 18. Rb1 Rad8 19. Rb3 b6 20. Bd2 Qa4 21. Bc3
Bg6 22. d5 exd5 23. exd5 Bf8 24. Ne5 Nxe5 25. Rd4 Bd3 26. Rxa4 Bxe2 27. Bxe5
Bd1 28. Rba3 Bxa4 29. Rxa4 Rc8 30. Bf4 Rc2 31. Be4 Rb2 32. d6 b5 33. Ra6 g5 34.
Be5 Re2 35. Bf5 Rd8 36. f4 f6 37. Be6+ Kg7 38. Rxa7+ Kg6 39. Bf7+ Kf5 40. Bc3
Rxd6 41. Bb3 Rc6 42. Bd1 Rxc3 43. g4+ Kxf4 0-1

[Event "DEM U18w 2014"]
[Site "Magdeburg GER"]
[Date "2014.06.11"]
[Round "6"]
[White "Tettmann, Ann-Kathrin"]
[Black "Kuckling, Hannah"]
[Result "0-1"]
[Termination "normal"]
[Board "6"]
[WhiteElo "1802"]
[BlackElo "1972"]
[WhiteClock "00:37:54"]
[BlackClock "00:02:13"]
[PlyCount "68"]
[WhiteFideId "12945676"]
[BlackFideId "24603660"]
[EventCountry "GER"]
[EventRounds "9"]
[EventType "swiss"]
[EventDate "2014.06.07"]

1. d4 Nf6 2. c4 g6 3. Nc3 Bg7 4. g3 O-O 5. Bg2 d6 6. Nf3 Nbd7 7. O-O c6 8. Bf4
Re8 9. Qd2 Qb6 10. Rab1 e5 11. dxe5 dxe5 12. Be3 Qc7 13. h3 Nh5 14. Bh6 e4 15.
Nd4 Bxh6 16. Qxh6 e3 17. f4 Nxg3 18. Rf3 Nh5 19. Nf5 Ndf6 20. Nxe3 Qb6 21. f5
Bxf5 22. Na4 Qa5 23. Nxf5 Qxa4 24. Qg5 Qxc4 25. Nh6+ Kg7 26. Nf5+ Kf8 27. Nh6
Qd4+ 28. e3 Qe5 29. Qh4 Re6 30. Qb4+ Kg7 31. Ng4 Qe4 32. Qxe4 Nxe4 33. Rbf1 f5
34. Nh2 Nd2 0-1

[Event "DEM U18w 2014"]
[Site "Magdeburg GER"]
[Date "2014.06.11"]
[Round "6"]
[White "Tobianski, Karina"]
[Black "Spiegelberg, Silvia"]
[Result "0-1"]
[Termination "normal"]
[Board "7"]
[WhiteElo "1450"]
[BlackElo "1925"]
[WhiteClock "00:02:14"]
[BlackClock "00:10:00"]
[PlyCount "72"]
[WhiteFideId "12937746"]
[BlackFideId "24654450"]
[EventCountry "GER"]
[EventRounds "9"]
[EventType "swiss"]
[EventDate "2014.06.07"]

1. e4 e5 2. d4 exd4 3. Qxd4 Nc6 4. Qe3 b6 5. Bd2 Nf6 6. Nc3 Bc5 7. Qg3 Qe7 8.
O-O-O Rg8 9. Bd3 Ne5 10. f4 Nxd3+ 11. Qxd3 Bb7 12. Re1 O-O-O 13. h3 g6 14. Nf3
Rge8 15. e5 Nh5 16. Be3 Bxe3+ 17. Qxe3 Qb4 18. Ng5 Re7 19. Nge4 Rde8 20. g4
Nxf4 21. a3 Qc4 22. Qxf4 Kb8 23. b3 Qa6 24. Kb2 Rxe5 25. Rhf1 Bxe4 26. Rxe4
Rxe4 27. Nxe4 Rxe4 28. Qxe4 Qxf1 29. Qe8+ Kb7 30. Qxd7 Qf6+ 31. Ka2 Qe6 32. Qd3
f5 33. Qf3+ Qe4 34. Qd1 f4 35. Kb1 f3 36. Qf1 Qe2 0-1

[Event "DEM U18w 2014"]
[Site "Magdeburg GER"]
[Date "2014.06.11"]
[Round "6"]
[White "Gast, Antonia"]
[Black "Triantafillidis, Zoe"]
[Result "0-1"]
[Termination "normal"]
[Board "9"]
[WhiteElo "1699"]
[BlackElo "1721"]
[PlyCount "42"]
[WhiteFideId "12929336"]
[BlackFideId "12900150"]
[EventCountry "GER"]
[EventRounds "9"]
[EventType "swiss"]
[EventDate "2014.06.07"]

1. c4 e5 2. Nc3 Nf6 3. g3 d5 4. cxd5 Nxd5 5. Bg2 Be6 6. e3 Nc6 7. Nge2 Be7 8.
O-O O-O 9. a3 a6 10. f4 exf4 11. exf4 Bc5+ 12. d4 Ba7 13. Kh1 Re8 14. Re1 Nce7
15. Ng1 c6 16. Nf3 Nf6 17. Be3 Nf5 18. Qd2 Nxe3 19. Rxe3 c5 20. dxc5 Ng4 21.
Rd3 Qxd3 0-1

[Event "DEM U18w 2014"]
[Site "Magdeburg GER"]
[Date "2014.06.11"]
[Round "6"]
[White "Schlichter, Lisa"]
[Black "Wulf, Constanze"]
[Result "1/2-1/2"]
[Termination "normal"]
[Board "10"]
[WhiteElo "1654"]
[BlackElo "1623"]
[PlyCount "64"]
[WhiteFideId "12926396"]
[BlackFideId "24692379"]
[EventCountry "GER"]
[EventRounds "9"]
[EventType "swiss"]
[EventDate "2014.06.07"]

1. e4 e6 2. d3 c5 3. Nf3 Nc6 4. g3 Nge7 5. Bg2 g6 6. O-O Bg7 7. c3 d5 8. Nbd2
O-O 9. Re1 b6 10. e5 Bb7 11. Nf1 d4 12. c4 Qc7 13. Bf4 h6 14. h4 Nb8 15. N1h2
h5 16. Ng5 Bxg2 17. Kxg2 Nd7 18. Nhf3 Nc6 19. Qe2 Qb7 20. Kg1 a6 21. Nh3 b5 22.
b3 Nb4 23. Qd2 Rfe8 24. Qe2 a5 25. Kh2 a4 26. Nhg1 axb3 27. axb3 Rxa1 28. Rxa1
Ra8 29. Rxa8+ Qxa8 30. Qe4 Qc8 31. Ne2 Qc7 32. Kg2 Qc8 1/2-1/2

[Event "DEM U18w 2014"]
[Site "Magdeburg GER"]
[Date "2014.06.11"]
[Round "6"]
[White "Krauße, Vanessa"]
[Black "Halas, Lena"]
[Result "1-0"]
[Termination "normal"]
[Board "11"]
[WhiteElo "1587"]
[BlackElo "1672"]
[PlyCount "65"]
[WhiteFideId "12937991"]
[BlackFideId "12931799"]
[EventCountry "GER"]
[EventRounds "9"]
[EventType "swiss"]
[EventDate "2014.06.07"]

1. e4 c6 2. d4 d5 3. Nc3 dxe4 4. Nxe4 Bf5 5. Ng3 Bg6 6. Bd3 Bxd3 7. Qxd3 Nd7 8.
Nf3 e6 9. Bf4 Qa5+ 10. Bd2 Qc7 11. O-O Ngf6 12. Rfe1 O-O-O 13. c4 h6 14. Rac1
Bd6 15. b4 Bf4 16. Bxf4 Qxf4 17. Qb3 Nb8 18. a4 g5 19. b5 g4 20. bxc6 Nxc6 21.
d5 exd5 22. cxd5 Rxd5 23. Rc4 Qd6 24. Nh4 Qd7 25. Qc3 Rd4 26. Nhf5 Rxc4 27.
Qxc4 Re8 28. Rxe8+ Nxe8 29. Nxh6 Qd1+ 30. Nf1 Kd8 31. Nxf7+ Ke7 32. Nh6 Qd4 33.
Nf5+ 1-0

[Event "DEM U18w 2014"]
[Site "Magdeburg GER"]
[Date "2014.06.11"]
[Round "6"]
[White "Rahimi, Rozafa"]
[Black "Kreitmeier, Anika"]
[Result "0-1"]
[Termination "normal"]
[Board "12"]
[WhiteElo "1669"]
[BlackElo "1332"]
[PlyCount "66"]
[WhiteFideId "24692280"]
[BlackFideId "12991775"]
[EventCountry "GER"]
[EventRounds "9"]
[EventType "swiss"]
[EventDate "2014.06.07"]

1. b3 e5 2. Bb2 Nc6 3. Nc3 d5 4. e3 Nf6 5. Be2 Be7 6. d3 Be6 7. Nf3 O-O 8. O-O
Qd7 9. h3 Rad8 10. Qd2 Bxh3 11. gxh3 Qxh3 12. Nh2 Bd6 13. Bd1 e4 14. f3 Rfe8
15. Qg2 Qh6 16. f4 exd3 17. Rf3 Bc5 18. Bc1 Re6 19. Rh3 Qxf4 20. Qg3 Qxg3+ 21.
Rxg3 Rde8 22. Nf1 Nb4 23. cxd3 Nxd3 24. Bd2 Nb4 25. Kg2 d4 26. Nb5 Rd8 27. Rc1
Na6 28. exd4 Bxd4 29. Nxc7 Nxc7 30. Rd3 Rc6 31. Rxc6 bxc6 32. Be3 Ne6 33. Kg1
Bxe3+ 0-1

[Event "DEM U18w 2014"]
[Site "Magdeburg GER"]
[Date "2014.06.12"]
[Round "7"]
[White "Sherif, Amina"]
[Black "Schmalhorst, Sophia"]
[Result "0-1"]
[Termination "normal"]
[Board "1"]
[WhiteTitle "CM"]
[WhiteElo "1754"]
[BlackElo "1917"]
[WhiteClock "00:27:39"]
[BlackClock "00:37:19"]
[PlyCount "50"]
[WhiteFideId "12911690"]
[BlackFideId "24682497"]
[EventCountry "GER"]
[EventRounds "9"]
[EventType "swiss"]
[EventDate "2014.06.07"]

1. e4 e5 2. Nf3 Nc6 3. Bc4 Bc5 4. c3 Nf6 5. d3 d6 6. Bb3 Bb6 7. Nbd2 Ne7 8. Nc4
Ng6 9. O-O O-O 10. Be3 c6 11. Nxb6 axb6 12. h3 d5 13. Qc2 h6 14. Rfe1 dxe4 15.
dxe4 Nh5 16. Qd1 Qf6 17. Nh2 Nhf4 18. Bxf4 Nxf4 19. Qf3 Qg5 20. Kh1 Be6 21.
Rad1 Bxb3 22. axb3 Rfd8 23. Qg4 Nd3 24. Qxg5 hxg5 25. Rf1 Nxf2+ 0-1